000 00988nam a22003377a 4500
003 CHAP
005 20220329133011.0
008 971013s1989 r 00010 d
010 _a1128
011 _a2100
035 _a1291
040 _cCHAP
082 _a330
_bK35 1989
100 0 0 _aKamerscher, David R.
_962650
245 _aEconomics
250 _a2 ed.
260 _aBoston :
_bHoughton Mifflin,
_c1989
300 _a979 p.
_b: ilus.
500 _a40-121
590 _aBATCH-UPD
_b10
_c20130110
_lUCH01
_h0022
590 _aBATCH-UPD
_b10
_c20130110
_lUCH01
_h1837
590 _aBATCH-UPD
_b10
_c20130410
_lUCH01
_h1208
590 _aBATCH-UPD
_b10
_c20130914
_lUCH01
_h1229
590 _aCONVERSION
_b10
_c20130109
_lUCH01
_h1302
650 1 4 _aEconomía.
_935226
700 0 _aMcKenzie, Richard B.
_973644
700 0 _aNandinelli, Clark.
_980109
901 _aBK
942 _cLIBRO
949 _a330 K35 1989
_bBC
_cLIBRO
_d33724000311494
_eLIBRO
_gI. 151805
_h78369
_i1291
_si
_t171.20
999 _c1128
_d1128